| 000 | 01040nam a22003017a 4500 | ||
|---|---|---|---|
| 001 | BR7802861 | ||
| 003 | BR-BrBNA | ||
| 005 | 20230928085604.0 | ||
| 007 | ta | ||
| 008 | 230509b bl.||||| |||| 00| 0 por d | ||
| 040 |
_aBR-BrBNA _bpor _cBiblioteca Nacional de Agricultura |
||
| 041 | _a(Por) | ||
| 072 |
_aF60 _b1520 |
||
| 090 | _ 1520 BR7802861 | ||
| 100 | 1 | _aSilva, W.L. de C. e | |
| 110 | 1 |
_aUniversidade Federal da Paraiba, Campina Grande (Brasil). Centro de Ciencias e Tecnologia. Depto. de Engenharia Civil _0Tese (Mestrado) _910754 |
|
| 245 | 1 | _aEfeitos da aplicacao de cloreto de sodio e sulfato de magnesio sobre o desenvolvimento e composicao mineral da beterraba de mesa (Beta vulgaris L.) | |
| 260 | 3 |
_aCampina Grande, PB (Brasil): _c1977. |
|
| 300 | _a59 p. | ||
| 500 | _aSummaries (Eng, Por); 31 ref. | ||
| 650 | _aNutricao vegetal | ||
| 650 | _aBeterraba | ||
| 650 | _aCloreto de sodio | ||
| 650 | _aSulfato de magnesio | ||
| 650 | _aAnalise quimica | ||
| 909 |
_a202309 _bLucia _c55 _dLucia Elande |
||
| 942 | _cBK | ||
| 999 |
_c25251 _d25251 |
||